000 00630nam a2200217 a 4500
001 000026042
005 20200930024243.0
008 110217s1965 sp r 000 | spa d
040 _aDO-SdBNP
_bspa
_cBNPHU
041 _aspa
_hrus
_2Código de idioma MARC
082 _aNNN
_bA577p
100 1 _aAndrzejewski, Jerzy,
_952980
240 0 _aBramy raju
_lEspañol
245 1 4 _aLas puertas del paraiso /
_cJerzy Andrzejewski.
260 _aMéxico, D. F. :
_bJoaquín Mortiz,
_c1965.
300 _a143 p. ;
_c18 cm.
490 1 _aVolador
534 _aTítulo original :
_aBramy raju
830 0 _aVolador
_912484
049 _aBNGR
999 _c25534
_d25534